Statistiques concernant 50 noms de famille les plus courants en France

Cliquez ici pour prendre le quiz!

Statistiques générales

  • Ce quiz a été pris 271 fois
  • Le résultat moyen est 8 sur 50

Statistiques - réponses

HintRéponse% Correct
20Martin
83%
38Dupont
80%
37Durand
48%
11Petit
30%
49Bernard
28%
40Dubois
27%
33Francois
27%
2Thomas
27%
8Robert
26%
25Legrand
21%
47Blanc
20%
48bertrand
19%
29Henry
19%
3Simon
19%
27Laurent
18%
9Richard
17%
50André
16%
1Vincent
16%
31Gerard
15%
15Moreau
14%
44Clement
13%
43David
13%
17Mathieu
12%
23Leroy
11%
41Denis
10%
39Dumont
10%
6Rousseau
10%
34Fournier
9%
14Morel
9%
35Fontaine
8%
21Marchand
8%
19Martinez
8%
32Garnier
7%
22Lopez
7%
13Morin
7%
12Perrin
7%
5Roussel
7%
45Chevalier
6%
36Duval
6%
30Guerin
6%
28Lambert
6%
16Mercier
6%
7Robin
6%
24Lemaire
5%
46Bonnet
4%
18Masson
4%
4Sanchez
3%
26Le Guen
1%
42Delacroix
0%
10Potier
0%

Distribution des résultats

Percentile par nombre de réponses

% des personnes avec chaque résultat

Votre développement - résultats

Vous n’avez pas pris ce quiz